|
|
|
|
| LEADER |
00000nab a2200000 a 4500 |
| 001 |
vtls008984632 |
| 003 |
SK-MaSNL |
| 005 |
20260303065408.0 |
| 008 |
070427c20070212xo dr n 000 00slo |
| 015 |
|
|
|a SNBRB2007/04SVKPO
|
| 038 |
|
|
|a SVKPOCL
|
| 040 |
|
|
|a SVKPOCL
|b slo
|c AACR2
|e AACR2
|
| 041 |
|
|
|a slo
|
| 044 |
|
|
|a xo
|c SK
|
| 080 |
|
|
|a 061.27
|2 2001
|
| 245 |
0 |
0 |
|a Partnerstvá v regiónoch
|b Komunitná nadácia Prešov otvorila nové grantové kolo
|c [autor] (ep)
|
| 610 |
2 |
7 |
|a Komunitná nadácia (Prešov, Slovensko)
|2 svkpocl
|9 1055817
|
| 651 |
|
7 |
|a Prešov (Slovensko)
|2 svkpocl
|9 17347
|
| 773 |
0 |
|
|t Prešovský večerník
|g Roč. XVIII, č. 4136 (12.2.2007), s. 2
|x 1336-4030
|
| 852 |
|
|
|a SVKPO
|b KIS3GCP
|
| 856 |
4 |
1 |
|u www.vecernik.po.sk
|
| 958 |
|
|
|a RG
|
| 999 |
|
|
|c 1751026
|d 1752956
|